Statistics for Saudi Arabia Immigration By Country

Click here to take the quiz!

General Stats

  • This quiz has been taken 85 times
  • The average score is 11 of 15

Answer Stats

TotalCountry% Correct
2,9 milIndia
97%
2,7 milPakistan
95%
2,6 milBangladesh
88%
2,1 milYemen
88%
1,8 milSyria
86%
265,000Jordan
84%
1,5 milIndonesia
79%
938,450Philippines
74%
220,000Turkey
72%
300,000Sudan
71%
788,000Somalia
70%
165,500Lebanon
63%
376,500Sri Lanka
63%
315,000Nepal
62%
689,000Myanmar
50%

Score Distribution

Percentile by Number Answered

Percent of People with Each Score

Your Score History

You have not taken this quiz